000 01216nam a2200229Ia 4500
001 L240-11837
003 IT-CnALBA
008 170116s9999||||xx |||||||||||||| ||und||
040 _aIT-CnALBA
_cIT-CnALBA
041 _aITALIANO
100 _aCARTER EDWARD, SJ.
245 0 _aRISPOSTA DI CRISTO. STUDIO SULLA VITA CRISTIANA.
250 _a1a ed.
260 _aCINISELLO BALSAMO (MI)
_bEDIZIONI PAOLINE
_c1974 [1° Ed.:1974 - Ed.Ling.Originale: 1974]
300 _a425 p. (prefazione: 5)
500 _aVITA CRISTIANA NELLA CHIESA. NELLA GRAZIA. SACRAMENTI E MESSA. INCARNAZIONALISMO. TRASCENDENZA. CRISTIANO E PECCATO. LA CROCE NELLA VITA CRISTIANA. CRISTIANO E PECCATO. VIRTÙ TEOLOGALI. CARDINALI. UMILTÀ UBBIDIENZA. SOCIEVOLEZZA CORAGGIO.
501 _aSocietà San Paolo EM - Piazza San Paolo, 14 - 12051 ALBA (CN) (non commercial uses only) ® Copyright 2017
520 _aVITA CRISTIANA NELLA CHIESA. NELLA GRAZIA. SACRAMENTI E MESSA. INCARNAZIONALISMO. TRASCENDENZA. CRISTIANO E PECCATO. LA CROCE NELLA VITA CRISTIANA. CRISTIANO E PECCATO. VIRTÙ TEOLOGALI. CARDINALI. UMILTÀ UBBIDIENZA. SOCIEVOLEZZA CORAGGIO.
650 _aTEOLOGIA SPIRITUALE CRISTIANA
942 _cBK
957 _71
999 _a16590
_bNO
_g Copie: 1
_c271014
_d271014